Psicologia de los santos: ciertos aspectos característicos de la santidad
Uloženo v:
| Hlavní autor: | |
|---|---|
| Médium: | Kniha |
| Jazyk: | španělština |
| Vydáno: |
Buenos Aires
Difusión
1943
|
| Témata: | |
| Tagy: |
Přidat tag
Žádné tagy, Buďte první, kdo vytvoří štítek k tomuto záznamu!
|
MARC
| LEADER | 00000nam a2200000 a 4500 | ||
|---|---|---|---|
| 001 | UCS9941 | ||
| 003 | CL-VaPUC | ||
| 008 | 971121e19430000AG |||||||||||||||||spa|d | ||
| 082 | 0 | 4 | |a 235.2 |b GEN |2 21 |
| 100 | |a Gentilini, Bernardo |e author |9 583942 | ||
| 245 | 1 | 0 | |a Psicologia de los santos: ciertos aspectos característicos de la santidad |
| 300 | |a 270 p | ||
| 942 | |c BK | ||
| 945 | |d 19971121 00:00:00 |a aalvarez | ||
| 260 | |a Buenos Aires |b Difusión |c 1943 | ||
| 650 | 7 | |a SANTOS |2 CL-VaPUC |9 313738 | |
| 650 | 0 | |a Psicología |9 257863 | |
| 650 | 0 | |a Personas no religiosas |9 349308 | |
| 583 | |a last modification |c 19971121 00:00:00 |k Rodrigo Vera | ||
| 999 | |c 263607 |d 263605 | ||
| 952 | |0 0 |1 0 |4 0 |6 235_200000000000000_GEN_1943 |7 0 |8 P |9 292960 |a BIBTEO |b BIBTES |c TEO_FTES |d 2019-11-19 |i 202506K |o 235.2 GEN 1943 |p 202506K |r 2024-01-18 |w 2019-11-19 |y BK |k ICR | ||